| 000 | 02368nam a2200493 a 4500 | ||
|---|---|---|---|
| 999 |
_c85199 _d85199 |
||
| 003 | BLK | ||
| 005 | 20231124123933.0 | ||
| 008 | 180408b bul|||||r ||||||| ||bul|| | ||
| 010 | _aKNG00089795000 | ||
| 020 | _a978-954-9935-15-8 | ||
| 040 | _aBLK | ||
| 041 |
_aBUL _cBUL |
||
| 072 | 7 |
_2bullib _aН50 _xЕстествени науки. Математика и др. Н |
|
| 080 |
_aОбщи въпроси на математическите и на естествените науки _b50 _x.001.15 _z50.001.15 |
||
| 080 |
_aИстория на цивилизацията. История на културата _b930.85 _z930.85 |
||
| 080 |
_aРазпространяване на научните знания - популяризиране на науката, занимателна наука, учение за явленията научно необяснени, заблуждения и фалшификации, илюзии и др. п., секретност на научните знания _b001.9 _z001.9 |
||
| 100 | 1 |
_aБалтазар, Жан _eпърви автор _9301736 |
|
| 139 |
_aВ света на тайните _bВ 11 |
||
| 245 | 1 | 0 |
_aВ света на тайните _bЕстествознание, история, астрономия, религия _cЖан Балтазар; прев. от рус. Здравка Петрова. |
| 257 | _aFRA | ||
| 260 |
_aСофия _bРийдърс Дайджест _c2008 _fотпеч. в Китай |
||
| 300 |
_a336 с. _bс цв. ил. _c29 см |
||
| 380 | _a5 | ||
| 500 | _aОриг. загл. Voyage au Coeur du Mysterieux. - Индекс. | ||
| 650 | 4 |
_aЕстествознание - история _9258075 |
|
| 650 | 4 |
_aКултура - история _9248181 |
|
| 650 | 4 |
_aАстрономия _9147778 |
|
| 650 | 4 |
_aРелигия _9169291 |
|
| 653 | _aестествознание | ||
| 653 | _aкултура | ||
| 653 | _aастрономия | ||
| 653 | _aрелигия | ||
| 653 | _aнаука | ||
| 653 | _aхипотези | ||
| 659 | _aН | ||
| 700 | 1 |
_aПетрова, Здравка _eпрев. от рус. _9367041 |
|
| 852 | _aЦб ІІ 15698 | ||
| 856 | 4 | _qpdf | |
| 856 | 4 | _qpdf | |
| 942 |
_cKNG _n0 _s1 _07 |
||
| 944 |
_aCR _c09.06.2009 _lМира Стойчева _k30532 |
||
| 944 |
_aED _c20.10.2014 _lф / |
||
| 999 | _d85199 | ||